| 000 | 00657nam a22001817a 4500 | ||
|---|---|---|---|
| 003 | AUA.1 | ||
| 005 | 20251118154712.0 | ||
| 008 | 250701b |||||||| |||| 00| 0 eng d | ||
| 040 | _cJTL | ||
| 100 | _aOludumila, Oluwasegun Adetokunbo | ||
| 245 |
_aThe use of musical instruments in worship and ceremonies in Otun-Ekiti State, Nigeria : _bA quest for the seventh-day Adventist identity / _cOluwasegun Adetokunbo Oludumila. |
||
| 260 | _cc2022. | ||
| 300 |
_aviii, 98 leaves : _bIllustrations : _c30cm. |
||
| 650 | _aWorship | ||
| 650 | _aMusical instruments | ||
| 650 | _aSeventh-Day Adventists | ||
| 942 |
_2aua _cPROJECT _hMA PTh _i.O48 2022 |
||
| 999 |
_c25115 _d25115 |
||